All 200+ 'B' Boy Names that have ever ranked in the top 1000 (US) - Statistics

General Stats
  • This quiz has been taken 71 times
  • The average score is 87 of 222
Answer Stats
Highest Rank Male name % Correct
43 Ben
100%
69 Beau
98%
388 Benjaman
98%
667 Benjamen
98%
6 Benjamin
98%
419 Benjamine
98%
234 Benjiman
98%
925 Benjman
98%
451 Bo
98%
98 Brad
92%
58 Bill
90%
123 Billie
88%
19 Billy
88%
47 Bradley
88%
583 Bradly
88%
876 Brandt
88%
661 Brandan
85%
251 Branden
85%
918 Brandin
85%
6 Brandon
85%
640 Brandyn
85%
8 Brian
85%
774 Brien
85%
804 Brion
85%
42 Bryan
85%
382 Bryon
85%
146 Bennie
83%
179 Benny
83%
763 Bear
81%
71 Blake
81%
565 Bee
79%
79 Bob
73%
191 Bobbie
73%
24 Bobby
73%
459 Brodie
71%
83 Brody
71%
511 Brice
69%
92 Bryce
69%
267 Bart
67%
93 Brady
67%
859 Barrie
65%
61 Barry
65%
60 Bennett
65%
435 Benson
65%
133 Braden
65%
631 Bradyn
65%
322 Braeden
65%
760 Braedon
65%
468 Braiden
65%
39 Brayden
65%
341 Braydon
65%
74 Brent
65%
257 Brock
65%
47 Bert
63%
538 Birt
63%
25 Bruce
63%
258 Burt
63%
778 Brook
62%
933 Bell
60%
101 Brendan
60%
243 Brenden
60%
332 Brendon
60%
217 Bret
60%
70 Brett
60%
576 Bentlee
56%
75 Bentley
56%
637 Bently
56%
46 Bernard
56%
284 Bodhi
56%
346 Bodie
56%
576 Burr
56%
623 Benji
54%
872 Boris
54%
515 Baxter
52%
803 Blaise
52%
707 Blaze
52%
118 Braxton
52%
338 Brycen
52%
844 Brysen
52%
86 Bryson
52%
151 Bailey
50%
937 Brenda
50%
233 Bud
50%
651 Budd
50%
732 Buddie
50%
202 Buddy
50%
313 Baker
48%
67 Brooks
48%
986 Blain
46%
211 Blaine
46%
708 Blane
46%
519 Brant
46%
194 Byron
46%
469 Bernie
44%
464 Bonnie
44%
774 Burney
44%
818 Burnie
44%
186 Barrett
42%
481 Bartholomew
42%
460 Benedict
42%
490 Beverly
40%
987 Barnie
38%
536 Boston
38%
456 Blair
37%
534 Boone
37%
818 Brandy
37%
365 Buck
37%
202 Barney
35%
321 Bowen
35%
182 Bryant
35%
687 Baron
33%
789 Barron
33%
166 Beckett
33%
168 Beckham
33%
850 Buel
33%
621 Bellamy
31%
305 Berry
31%
778 Brantlee
31%
122 Brantley
31%
240 Buster
31%
413 Benton
29%
691 Branson
29%
259 Bruno
29%
799 Burke
29%
683 Bernardo
27%
467 Bertie
27%
600 Berton
27%
222 Burton
27%
921 Babe
25%
558 Baby
25%
446 Barton
25%
582 Benito
25%
337 Bertram
25%
574 Bertrand
25%
429 Betty
25%
328 Brenton
25%
465 Brown
25%
723 Brannon
23%
270 Brennan
23%
549 Brennen
23%
909 Brennon
23%
654 Britt
23%
322 Basil
21%
951 Bowie
21%
267 Bradford
21%
667 Bronson
21%
365 Baylor
19%
794 Beatrice
19%
580 Bessie
19%
754 Bird
19%
775 Bode
19%
694 Boss
19%
327 Braylen
19%
237 Braylon
19%
670 Briar
19%
326 Briggs
19%
866 Bryer
19%
809 Bush
19%
605 Byrd
19%
766 Bjorn
17%
631 Butch
17%
348 Banks
15%
723 Bridger
15%
549 Brixton
15%
381 Burl
15%
757 Boden
13%
177 Booker
13%
597 Brain
13%
311 Buford
13%
923 Barnett
12%
585 Beryl
12%
237 Boyd
12%
954 Brayson
12%
642 Brentley
12%
996 Brittany
12%
987 Burns
12%
468 Barbara
10%
804 Belton
10%
827 Blas
10%
846 Brogan
10%
922 Baldwin
8%
751 Benicio
8%
591 Bernhard
8%
522 Bertha
8%
416 Bishop
8%
887 Blanche
8%
946 Bliss
8%
752 Broderick
8%
518 Butler
8%
825 Beecher
6%
495 Bernice
6%
971 Beulah
6%
912 Bose
6%
989 Bowman
6%
712 Brecken
6%
793 Britton
6%
990 Bunk
6%
878 Burnice
6%
651 Bartley
4%
954 Bilal
4%
952 Boaz
4%
565 Boyce
4%
806 Branch
4%
310 Brayan
4%
973 Buell
4%
974 Burleigh
4%
548 Burley
4%
552 Ballard
2%
967 Buren
2%
901 Burgess
2%
638 Burnett
2%
505 Bascom
0%
953 Bayard
0%
692 Bedford
0%
910 Blanchard
0%
911 Bluford
0%
785 Braulio
0%
971 Bryton
0%
769 Burdette
0%
819 Burnell
0%
868 Burrel
0%
674 Burrell
0%
No matching quizzes found
Score Distribution
Percent of People with Each Score
Percentile by Number Answered
Your Score History
You have not taken this quiz